[Event "Bratislava exe op"]
[Site "Bratislava"]
[Date "2023.09.22"]
[Round "8"]
[White "Kebis, Milos"]
[Black "Livnansky, Michal"]
[Result "1-0"]
[WhiteElo "1843"]
[BlackElo "1502"]
[PlyCount "59"]
[EventDate "2023.09.15"]
[EventType "swiss"]
[EventRounds "9"]
[EventCountry "SVK"]
[SourceTitle "EXT 2024"]
[Source "ChessBase"]
[SourceDate "2023.10.10"]
[SourceVersion "1"]
[SourceVersionDate "2023.10.10"]
[SourceQuality "1"]

1. c4 e5 2. Nc3 Nf6 3. g3 d5 4. cxd5 Nxd5 5. Bg2 Nb6 6. Nf3 Nc6 7. 0-0 Be6 8. d3 Be7 9. b3 0-0 10. Bb2 f5 11. Rc1 Bf6 12. Ne1 Qd7 13. Nb5 Nd5 14. Qd2 Rad8 15. Nf3 h6 16. Rfd1 a6 17. Nc3 Nde7 18. Na4 b6 19. Qc2 Rc8 20. Qb1 Bd5 21. Nc3 Bf7 22. Qa1 Qe6 23. Nd2 Rcd8 24. Nc4 g5 25. Nd2 Bh5 26. Re1 Kh7 27. Nf3 e4 28. dxe4 fxe4 29. Nxe4 Qxe4 30. Nxg5+ 1-0

[Event "Bratislava exe op"]
[Site "Bratislava"]
[Date "2023.09.18"]
[Round "4"]
[White "Kebis, Milos"]
[Black "Kozub, Lukas"]
[Result "0-1"]
[WhiteElo "1843"]
[BlackElo "1331"]
[PlyCount "64"]
[EventDate "2023.09.15"]
[EventType "swiss"]
[EventRounds "9"]
[EventCountry "SVK"]
[SourceTitle "EXT 2024"]
[Source "ChessBase"]
[SourceDate "2023.10.10"]
[SourceVersion "1"]
[SourceVersionDate "2023.10.10"]
[SourceQuality "1"]

1. c4 Nf6 2. Nc3 e6 3. d4 Bb4 4. Qc2 0-0 5. a3 Bxc3+ 6. Qxc3 b6 7. Nf3 h6 8. g3 Bb7 9. Bg2 d6 10. 0-0 Nbd7 11. b4 c5 12. dxc5 bxc5 13. Bb2 Rc8 14. Rfd1 Qb6 15. b5 d5 16. a4 d4 17. Qc1 Ne4 18. Ne1 Qd6 19. Nd3 f5 20. e3 Rfe8 21. f3 e5 22. f4 exf4 23. Nxf4 g5 24. Nd3 Nxg3 25. hxg3 Qxg3 26. Ne1 Rxe3 27. Qc2 Ne5 28. a5 Kg7 29. Qf2 Kg8 30. Qxg3 Rxg3 31. Ra3 f4 32. Kf2 f3 0-1

[Event "Bratislava exe op"]
[Site "Bratislava"]
[Date "2023.09.16"]
[Round "2"]
[White "Kebis, Milos"]
[Black "Dobrodenka, Tomas"]
[Result "1-0"]
[WhiteElo "1843"]
[BlackElo "1473"]
[PlyCount "61"]
[EventDate "2023.09.15"]
[EventType "swiss"]
[EventRounds "9"]
[EventCountry "SVK"]
[SourceTitle "EXT 2024"]
[Source "ChessBase"]
[SourceDate "2023.10.10"]
[SourceVersion "1"]
[SourceVersionDate "2023.10.10"]
[SourceQuality "1"]

1. c4 c5 2. Nc3 Nc6 3. Nf3 Nf6 4. g3 e6 5. Bg2 d5 6. cxd5 exd5 7. d4 h6 8. 0-0 Be7 9. h3 0-0 10. Be3 b6 11. Rc1 Ne4 12. dxc5 bxc5 13. Nxd5 Be6 14. Nxe7+ Qxe7 15. Qa4 Rac8 16. Qxe4 c4 17. Ne5 Nxe5 18. Qxe5 Rc7 19. Rfd1 Rfc8 20. Rc3 Qb4 21. Bd4 Qf8 22. Rdc1 Re7 23. Bc5 f6 24. Qe3 Rxc5 25. Qxc5 Kf7 26. Bd5 Bxd5 27. Qxd5+ Kg6 28. Qxc4 Qe8 29. Qg4+ Kh7 30. Qf5+ g6 31. Qxf6 1-0

[Event "SVK-chT2A 2223"]
[Site "Slovakia"]
[Date "2023.03.25"]
[Round "10.7"]
[White "Kebis, Milos"]
[Black "Podjavorinsky, Michal"]
[Result "1-0"]
[WhiteElo "1770"]
[BlackElo "1908"]
[PlyCount "89"]
[EventDate "2022.10.08"]
[EventType "team-tourn"]
[EventRounds "11"]
[EventCountry "SVK"]
[SourceTitle "EXT 2024"]
[Source "ChessBase"]
[SourceDate "2023.10.10"]
[SourceVersion "1"]
[SourceVersionDate "2023.10.10"]
[SourceQuality "1"]
[WhiteTeam "Krasnany"]
[BlackTeam "Piestany Kupele"]
[WhiteTeamCountry "SVK"]
[BlackTeamCountry "SVK"]

1. Nf3 d5 2. d4 c5 3. c4 e6 4. e3 cxd4 5. exd4 Nf6 6. Nc3 Be7 7. Bd3 dxc4 8. Bxc4 0-0 9. 0-0 a6 10. a4 Nc6 11. h3 Qb6 12. Qb3 Qc7 13. Be2 Rd8 14. Rd1 Nd5 15. Nxd5 Rxd5 16. Be3 Bf6 17. Rac1 Qd8 18. Rc5 Ne7 19. Rdc1 b6 20. Rc7 Rb8 21. Qc3 Bb7 22. Ne5 Rd6 23. Qb3 Bd5 24. Qc2 b5 25. axb5 axb5 26. Rc5 b4 27. Ng4 Rc6 28. Nxf6+ gxf6 29. Bf4 Rbc8 30. Bb5 Rxc5 31. dxc5 e5 32. Be3 Qc7 33. Qe2 Kh8 34. Bd3 f5 35. Bc4 Rg8 36. Bxd5 Nxd5 37. Qa6 Nxe3 38. fxe3 Qe7 39. Rd1 Qe6 40. Rd6 Qc8 41. Qc4 Qe8 42. c6 f4 43. exf4 exf4 44. Qd4+ f6 45. Qxf6+ 1-0

[Event "SVK-chT2A 2122"]
[Site "Slovakia"]
[Date "2022.03.26"]
[Round "8.6"]
[White "Rachela, Robert"]
[Black "Kebis, Milos"]
[Result "1/2-1/2"]
[WhiteElo "1839"]
[BlackElo "1798"]
[PlyCount "97"]
[EventDate "2021.10.16"]
[EventType "team-tourn"]
[EventRounds "11"]
[EventCountry "SVK"]
[SourceTitle "EXT 2023"]
[Source "ChessBase"]
[SourceDate "2022.10.05"]
[SourceVersion "1"]
[SourceVersionDate "2022.10.05"]
[SourceQuality "1"]
[WhiteTeam "Dunajska Streda II"]
[BlackTeam "Krasnany"]
[WhiteTeamCountry "SVK"]
[BlackTeamCountry "SVK"]

1. d4 Nf6 2. c4 e6 3. Nc3 d5 4. Bf4 a6 5. e3 Be7 6. Nf3 0-0 7. Bd3 dxc4 8. Bxc4 b5 9. Bd3 Bb7 10. 0-0 Nbd7 11. Ne5 c5 12. dxc5 Nxc5 13. Bc2 Rc8 14. Rc1 Qb6 15. Qe2 Rfd8 16. Rfd1 b4 17. Na4 Nxa4 18. Bxa4 Bd5 19. Bb3 Bxb3 20. axb3 Nd5 21. Bg3 Qb7 22. Qf3 Bf6 23. h4 Bxe5 24. Bxe5 Rxc1 25. Rxc1 Rc8 26. Rc4 Qd7 27. Rg4 g6 28. h5 f5 29. Rg3 Kf7 30. hxg6+ hxg6 31. Rh3 Nf6 32. Bxf6 Kxf6 33. Qg3 Qd1+ 34. Kh2 Qg4 35. Qd6 Qe4 36. Rh7 Qe5+ 37. Qxe5+ Kxe5 38. Rg7 Kf6 39. Ra7 Rc6 40. Kg3 e5 41. Rb7 a5 42. Rb5 Ra6 43. f3 g5 44. e4 Ke6 45. Kh3 Kf6 46. Kg3 Ke6 47. Rb8 Rd6 48. Re8+ Kf6 49. Rf8+ 1/2-1/2

[Event "SVK-chT2A 2122"]
[Site "Slovakia"]
[Date "2021.10.16"]
[Round "1.6"]
[White "Kebis, Milos"]
[Black "Sustak, Roman"]
[Result "1-0"]
[WhiteElo "1832"]
[BlackElo "1916"]
[PlyCount "103"]
[EventDate "2021.10.16"]
[EventType "team-tourn"]
[EventRounds "11"]
[EventCountry "SVK"]
[SourceTitle "EXT 2023"]
[Source "ChessBase"]
[SourceDate "2022.10.05"]
[SourceVersion "1"]
[SourceVersionDate "2022.10.05"]
[SourceQuality "1"]
[WhiteTeam "Krasnany"]
[BlackTeam "Modra II"]
[WhiteTeamCountry "SVK"]
[BlackTeamCountry "SVK"]

1. Nf3 Nf6 2. d4 g6 3. c4 d6 4. Nc3 Bg7 5. e4 0-0 6. Be2 c5 7. 0-0 cxd4 8. Nxd4 Nc6 9. Be3 a6 10. Rc1 Bd7 11. f3 Rc8 12. Qd2 Ne5 13. b3 Qa5 14. Nd5 Qd8 15. Rfd1 Ne8 16. Qb4 Bc6 17. Bg5 Bxd5 18. cxd5 Rxc1 19. Rxc1 b5 20. f4 Nc4 21. Nc6 Qb6+ 22. Kh1 Qe3 23. Qe1 f6 24. Bh4 Na3 25. Bf3 Qxf4 26. Bg3 Qg5 27. Nd4 Bh6 28. Rc6 Ng7 29. Rxa6 Rc8 30. Nc6 Nc2 31. Qg1 f5 32. Ra7 Re8 33. e5 f4 34. Bf2 Ne3 35. h4 Qf5 36. Rxe7 Qd3 37. exd6 Rxe7 38. Nxe7+ Kf8 39. Nc6 Qf5 40. Nd4 Qd7 41. Qc1 Ne8 42. Ne6+ Kg8 43. Qc6 Qxc6 44. dxc6 Nxd6 45. c7 Kf7 46. Nd4 Ke7 47. Nxb5 Nc8 48. a4 Kd7 49. Kg1 Bf8 50. Bxe3 fxe3 51. Bg4+ Ke8 52. Kf1 1-0

[Event "SVK-chT2A 1920"]
[Site "Slovakia"]
[Date "2019.11.16"]
[Round "3.7"]
[White "Halasz, Adam"]
[Black "Kebis, Milos"]
[Result "0-1"]
[WhiteElo "1736"]
[BlackElo "1860"]
[PlyCount "108"]
[EventDate "2019.10.26"]
[EventType "team-tourn"]
[EventRounds "11"]
[EventCountry "SVK"]
[SourceTitle "CBM 193 Extra"]
[Source "ChessBase"]
[SourceDate "2020.01.31"]
[SourceVersion "1"]
[SourceVersionDate "2020.01.31"]
[SourceQuality "1"]
[WhiteTeam "Senec"]
[BlackTeam "Krasnany"]
[WhiteTeamCountry "SVK"]
[BlackTeamCountry "SVK"]

1. e4 c6 2. d4 d5 3. exd5 cxd5 4. Nf3 Nf6 5. Nc3 Bf5 6. Bd3 Bxd3 7. Qxd3 Nc6 8. Bf4 e6 9. Nb5 Rc8 10. 0-0 Be7 11. Rac1 a6 12. Na3 b5 13. Ne5 Qb6 14. Nxc6 Rxc6 15. Nb1 0-0 16. Nd2 Rfc8 17. Nf3 Nd7 18. c3 h6 19. Rfe1 Qd8 20. Nd2 Nf8 21. Qg3 Ng6 22. Nf3 Nxf4 23. Qxf4 Bg5 24. Nxg5 Qxg5 25. Qxg5 hxg5 26. Re5 f6 27. Re3 Kf7 28. Kf1 Rh8 29. h3 Rh4 30. Ke2 Rxd4 31. Re1 Rh4 32. Kd3 b4 33. g3 Rhc4 34. cxb4 Rxb4 35. b3 e5 36. Kd2 e4 37. Rc3 Rd4+ 38. Kc2 Rxc3+ 39. Kxc3 Rd3+ 40. Kc2 Ke6 41. Re3 Rd4 42. Rc3 Ke5 43. Rc6 Rd3 44. Rxa6 Rf3 45. b4 Rxf2+ 46. Kd1 Rb2 47. a3 e3 48. Ra7 Ke4 49. Kc1 Rg2 50. b5 Kd3 51. Re7 e2 52. b6 Rg1+ 53. Kb2 e1Q 54. Rxe1 Rxe1 0-1

[Event "Banska Stiavnica V4 op"]
[Site "Banska Stiavnica"]
[Date "2018.07.11"]
[Round "5"]
[White "Kebis, Milos"]
[Black "Sandor, Martin"]
[Result "0-1"]
[WhiteElo "1828"]
[BlackElo "1968"]
[PlyCount "78"]
[EventDate "2018.07.07"]
[EventType "swiss"]
[EventRounds "9"]
[EventCountry "SVK"]
[SourceTitle "CBM 185 Extra"]
[Source "ChessBase"]
[SourceDate "2018.07.29"]
[SourceVersion "1"]
[SourceVersionDate "2018.07.29"]
[SourceQuality "1"]

1. c4 e5 2. Nc3 Nf6 3. Nf3 Nc6 4. d4 exd4 5. Nxd4 Bb4 6. e3 0-0 7. Be2 d5 8. 0-0 Re8 9. a3 Bxc3 10. bxc3 Ne5 11. cxd5 Nxd5 12. Bb2 Nb6 13. Qb3 Be6 14. Nxe6 Rxe6 15. c4 Qe7 16. a4 c5 17. Qc3 f6 18. a5 Nbd7 19. Rad1 Rd8 20. Rd5 Rd6 21. Rxd6 Qxd6 22. Rd1 Qc7 23. f4 Nc6 24. Bg4 Nf8 25. Rd5 Nb4 26. Rd2 Qxa5 27. h4 Rxd2 28. Qxd2 Qa2 29. Qc3 Qb1+ 30. Kh2 Nd3 31. Bf5 Qxb2 32. Qxd3 g6 33. Qd5+ Kg7 34. Be4 Qb6 35. Bf3 Qc7 36. h5 b6 37. Qa8 Qe7 38. e4 Ne6 39. Kg3 Qc7 0-1

[Event "Bratislava Slovan op"]
[Site "Bratislava"]
[Date "2018.05.02"]
[Round "8"]
[White "Kebis, Milos"]
[Black "Cambel, Vladimir"]
[Result "1-0"]
[WhiteElo "1825"]
[BlackElo "1985"]
[PlyCount "71"]
[EventDate "2018.04.27"]
[EventType "swiss"]
[EventRounds "9"]
[EventCountry "SVK"]
[SourceTitle "EXT 2023"]
[Source "ChessBase"]
[SourceDate "2022.10.05"]
[SourceVersion "1"]
[SourceVersionDate "2022.10.05"]
[SourceQuality "1"]

1. Nf3 d5 2. d4 Nf6 3. c4 c6 4. e3 e6 5. Bd3 dxc4 6. Bxc4 b5 7. Bd3 Bb7 8. 0-0 Nbd7 9. a3 a5 10. Nc3 Be7 11. Qe2 0-0 12. Rd1 Qc7 13. e4 b4 14. e5 bxc3 15. exf6 Nxf6 16. bxc3 c5 17. Ne5 Rfd8 18. Bf4 Bd6 19. Bg5 Be7 20. Rac1 Rac8 21. Re1 Ba8 22. f3 cxd4 23. cxd4 Qa7 24. Rxc8 Rxc8 25. Nxf7 Bd5 26. Ne5 Qxd4+ 27. Kh1 Bxa3 28. Rd1 Qb2 29. Qe3 Bc5 30. Qf4 Qd4 31. Bxh7+ Nxh7 32. Rxd4 Nxg5 33. Rd1 Bb3 34. Rc1 Rc7 35. Qxg5 Be7 36. Qe3 1-0

[Event "Bratislava Slovan op"]
[Site "Bratislava"]
[Date "2018.05.01"]
[Round "6"]
[White "Suliborski, Jakub"]
[Black "Kebis, Milos"]
[Result "1-0"]
[WhiteElo "2122"]
[BlackElo "1825"]
[PlyCount "151"]
[EventDate "2018.04.27"]
[EventType "swiss"]
[EventRounds "9"]
[EventCountry "SVK"]
[SourceTitle "EXT 2023"]
[Source "ChessBase"]
[SourceDate "2022.10.05"]
[SourceVersion "1"]
[SourceVersionDate "2022.10.05"]
[SourceQuality "1"]

1. e4 c6 2. d4 d6 3. Nc3 Nf6 4. h3 Nbd7 5. Be3 e5 6. Nf3 Be7 7. Be2 0-0 8. a4 Qc7 9. 0-0 Re8 10. Nd2 Nf8 11. Nb3 Ng6 12. Bh5 Nxh5 13. Qxh5 Be6 14. dxe5 dxe5 15. Nc5 Bc4 16. Rfd1 b6 17. Nd3 Rad8 18. Ne1 Bf6 19. b3 Be6 20. Rxd8 Rxd8 21. Rd1 h6 22. Rxd8+ Qxd8 23. Qd1 Qe7 24. Nd3 Bg5 25. Qc1 Bf6 26. a5 Qd8 27. axb6 axb6 28. Qd2 c5 29. Nb2 Qa8 30. Nba4 Qc6 31. Nd5 Bd8 32. Qd3 Bxd5 33. Qxd5 Qxd5 34. exd5 Ne7 35. c4 Nf5 36. g4 Nd4 37. Bxd4 exd4 38. Nb2 Kf8 39. Kg2 Ke7 40. Nd3 Kd6 41. Kf3 Bf6 42. Ke4 Bh4 43. f4 g5 44. Ne5 Ke7 45. Nd3 Bg3 46. fxg5 hxg5 47. Kf5 f6 48. Nb2 Be5 49. Ke4 Kd6 50. Nd3 Bg3 51. Kf3 Be5 52. Nf2 Kd7 53. Ne4 Ke7 54. Ke2 Kd7 55. Kd3 Ke7 56. Kc2 Kd7 57. b4 cxb4 58. Kb3 Kc7 59. Kxb4 Kb7 60. c5 bxc5+ 61. Nxc5+ Kc7 62. Kc4 Kd6 63. Ne4+ Ke7 64. Kd3 Kf7 65. Nd2 Ke7 66. Nc4 Kd7 67. Ke4 Ke7 68. Kd3 Kf7 69. Na3 Ke7 70. Nb5 Kd7 71. Ke4 Ke7 72. Nxd4 Kd6 73. Nf5+ Kc5 74. Nh6 Bf4 75. Ng8 Be5 76. Kf5 1-0

[Event "Bratislava Slovan op"]
[Site "Bratislava"]
[Date "2018.04.29"]
[Round "4"]
[White "Hujo, Jozef"]
[Black "Kebis, Milos"]
[Result "1-0"]
[WhiteElo "1965"]
[BlackElo "1825"]
[PlyCount "125"]
[EventDate "2018.04.27"]
[EventType "swiss"]
[EventRounds "9"]
[EventCountry "SVK"]
[SourceTitle "EXT 2023"]
[Source "ChessBase"]
[SourceDate "2022.10.05"]
[SourceVersion "1"]
[SourceVersionDate "2022.10.05"]
[SourceQuality "1"]

1. d4 Nf6 2. Bf4 d6 3. e3 Nbd7 4. Nf3 h6 5. h3 c5 6. c3 cxd4 7. exd4 g6 8. Bd3 Bg7 9. 0-0 0-0 10. Nbd2 Re8 11. Qc2 a6 12. a4 b6 13. Rfe1 Bb7 14. Re2 Rc8 15. Rae1 Qc7 16. Bh2 Nf8 17. Qb3 Bd5 18. c4 Bb7 19. Qa3 Qd8 20. b4 N8d7 21. a5 bxa5 22. bxa5 Bf8 23. Rb1 Rb8 24. c5 Bxf3 25. Rxb8 Nxb8 26. Nxf3 dxc5 27. dxc5 e6 28. Rd2 Qc8 29. Qb2 Nfd7 30. Bxb8 Nxb8 31. Rc2 Rd8 32. Bf1 Rd7 33. Qb6 Rb7 34. c6 Rxb6 35. axb6 Bd6 36. c7 Bxc7 37. bxc7 Kg7 38. Ne5 a5 39. Nd7 Nxd7 40. Ba6 Qxa6 41. c8Q Qd3 42. Qc3+ Qxc3 43. Rxc3 Nb6 44. Rc6 Nd5 45. Ra6 Kf6 46. Rxa5 Ke5 47. Ra7 f5 48. Rf7 h5 49. Kf1 g5 50. Rh7 h4 51. Rh6 Nf4 52. f3 Kd4 53. Rh8 Ke3 54. Re8 g4 55. fxg4 fxg4 56. hxg4 h3 57. g3 h2 58. Rh8 Ne2 59. Kg2 Nd4 60. Rxh2 Nf3 61. Rh1 e5 62. Rf1 e4 63. Rxf3+ 1-0

[Event "SVK-chT2A 1718"]
[Site "Slovakia"]
[Date "2018.02.24"]
[Round "8.6"]
[White "Kebis, Milos"]
[Black "Kosnac, Patrik"]
[Result "1-0"]
[WhiteElo "1819"]
[BlackElo "1925"]
[PlyCount "98"]
[EventDate "2017.10.28"]
[EventType "team-tourn"]
[EventRounds "11"]
[EventCountry "SVK"]
[SourceTitle "EXT 2020"]
[Source "ChessBase"]
[SourceDate "2019.10.17"]
[SourceVersion "1"]
[SourceVersionDate "2019.10.17"]
[SourceQuality "1"]
[WhiteTeam "Krasnany"]
[BlackTeam "Bratislava Doprastav II"]
[WhiteTeamCountry "SVK"]
[BlackTeamCountry "SVK"]

1. c4 Nf6 2. Nf3 g6 3. Nc3 Bg7 4. d4 0-0 5. e4 d6 6. Be2 e5 7. 0-0 exd4 8. Nxd4 Re8 9. f3 Nbd7 10. Bg5 c6 11. Qd2 Qb6 12. Rfd1 Nc5 13. Be3 Qc7 14. Rac1 a5 15. Kh1 Bf8 16. Bg5 Nfd7 17. Qe1 Nb6 18. Qg3 Bg7 19. Bf4 Be5 20. Bxe5 dxe5 21. Nc2 Be6 22. Ne3 Rad8 23. h4 Na6 24. Ncd5 cxd5 25. cxd5 Qe7 26. dxe6 Qxe6 27. b3 Nb4 28. Rxd8 Rxd8 29. Rc5 Nd7 30. Rb5 Qc6 31. Bc4 Nxa2 32. Nf5 Kf8 33. Qg5 Qf6 34. Qxf6 Nxf6 35. Ne3 Nd7 36. Rxb7 Nb4 37. Rb5 Nc6 38. Bd5 Nd4 39. Rxa5 Rb8 40. Ra7 Ke8 41. Bxf7+ Ke7 42. Bd5 Nb5 43. Ra5 Nd4 44. Ra3 Nc5 45. Ra7+ Nd7 46. Nc4 Nb5 47. Ra6 Nc7 48. Ra7 Kd8 49. Na5 Rb6 1-0

[Event "Banska Stiavnica V4 op"]
[Site "Banska Stiavnica"]
[Date "2017.07.16"]
[Round "9"]
[White "Pesztericz, Laszlo"]
[Black "Kebis, Milos"]
[Result "1-0"]
[WhiteElo "2081"]
[BlackElo "1877"]
[PlyCount "83"]
[EventDate "2017.07.08"]
[EventType "swiss"]
[EventRounds "9"]
[EventCountry "SVK"]
[SourceTitle "CBM 179 Extra"]
[Source "ChessBase"]
[SourceDate "2017.08.23"]
[SourceVersion "1"]
[SourceVersionDate "2017.08.23"]
[SourceQuality "1"]

1. e4 e5 2. Nf3 Nc6 3. d4 exd4 4. Bc4 h6 5. 0-0 d6 6. Nxd4 Ne5 7. Bb3 Nf6 8. f4 Ng6 9. Nc3 Be7 10. h3 0-0 11. Be3 a6 12. a4 Re8 13. Qd3 Bf8 14. Rae1 Bd7 15. e5 dxe5 16. Qxg6 exd4 17. Qxf7+ Kh7 18. Bxd4 Rxe1 19. Rxe1 Be6 20. Bxe6 Qxd4+ 21. Kh1 Qxf4 22. Nd5 Qf2 23. Nxf6+ Qxf6 24. Qxc7 Rd8 25. Qxb7 Bd6 26. Qf7 Be5 27. Qxf6 gxf6 28. Bf5+ Kg7 29. b3 a5 30. Bd3 Kf7 31. g4 Ke7 32. Kg2 Kd6 33. Re4 Rb8 34. Rc4 Rb6 35. Rc8 Kd5 36. Kf3 Rb4 37. Ra8 Bc7 38. Rh8 Rf4+ 39. Ke3 Ke5 40. Re8+ Kd5 41. Bc4+ Kd6 42. Rc8 1-0

[Event "SVK-ch Seniors 65"]
[Site "Tatranske Matliare"]
[Date "2017.06.01"]
[Round "7"]
[White "Babinsky, Michal"]
[Black "Kebis, Milos"]
[Result "1-0"]
[WhiteElo "1720"]
[BlackElo "1860"]
[PlyCount "41"]
[EventDate "2017.05.27"]
[EventType "swiss"]
[EventRounds "9"]
[EventCountry "SVK"]
[SourceTitle "EXT 2023"]
[Source "ChessBase"]
[SourceDate "2022.10.05"]
[SourceVersion "1"]
[SourceVersionDate "2022.10.05"]
[SourceQuality "1"]

1. d4 Nf6 2. c4 e6 3. Nf3 c5 4. Nc3 a6 5. d5 exd5 6. cxd5 d6 7. e4 Bg4 8. Be2 Nbd7 9. h3 Bh5 10. Bf4 b5 11. e5 Bxf3 12. exf6 Bxe2 13. Qxe2+ Ne5 14. Bxe5 dxe5 15. Qxe5+ Kd7 16. fxg7 Bxg7 17. Qxg7 Qe7+ 18. Kf1 Rhg8 19. Qh6 Rae8 20. Qc6+ Kd8 21. Qa8+ 1-0

[Event "SVK-ch Seniors 65"]
[Site "Tatranske Matliare"]
[Date "2017.05.31"]
[Round "6"]
[White "Kebis, Milos"]
[Black "Lanc, Alois"]
[Result "0-1"]
[WhiteElo "1860"]
[BlackElo "2322"]
[PlyCount "44"]
[EventDate "2017.05.27"]
[EventType "swiss"]
[EventRounds "9"]
[EventCountry "SVK"]
[SourceTitle "EXT 2023"]
[Source "ChessBase"]
[SourceDate "2022.10.05"]
[SourceVersion "1"]
[SourceVersionDate "2022.10.05"]
[SourceQuality "1"]

1. c4 g6 2. Nc3 Bg7 3. Nf3 d6 4. d4 Nd7 5. e4 e5 6. Be2 Ngf6 7. 0-0 0-0 8. dxe5 dxe5 9. Qc2 c6 10. b3 Re8 11. Rd1 Qe7 12. a4 a5 13. Ba3 Qd8 14. Bd6 Nh5 15. g3 Qf6 16. Ne1 Bf8 17. c5 Ng7 18. Bg4 Nxc5 19. Bxf8 Rxf8 20. Bxc8 Raxc8 21. Rd2 Nge6 22. Rd6 Qe7 0-1

[Event "SVK-ch Seniors 65"]
[Site "Tatranske Matliare"]
[Date "2017.05.29"]
[Round "4"]
[White "Kebis, Milos"]
[Black "Longauer, Igor"]
[Result "1-0"]
[WhiteElo "1860"]
[BlackElo "1772"]
[PlyCount "35"]
[EventDate "2017.05.27"]
[EventType "swiss"]
[EventRounds "9"]
[EventCountry "SVK"]
[SourceTitle "EXT 2023"]
[Source "ChessBase"]
[SourceDate "2022.10.05"]
[SourceVersion "1"]
[SourceVersionDate "2022.10.05"]
[SourceQuality "1"]

1. c4 c6 2. Nc3 d5 3. cxd5 cxd5 4. d4 Nf6 5. Nf3 e6 6. Bg5 Be7 7. e3 Nbd7 8. Bd3 b6 9. 0-0 Bb7 10. Qa4 0-0 11. Rac1 Ne4 12. Bf4 g5 13. Bc7 Qxc7 14. Nxe4 Qd8 15. Nexg5 Bxg5 16. Nxg5 h6 17. Nh7 Re8 18. Qxd7 1-0

[Event "SVK-chT2A 1617"]
[Site "Slovakia"]
[Date "2017.02.11"]
[Round "8.8"]
[White "Kebis, Milos"]
[Black "Henc, Marian"]
[Result "0-1"]
[WhiteElo "1984"]
[BlackElo "1884"]
[PlyCount "62"]
[EventDate "2016.10.08"]
[EventType "team-tourn"]
[EventRounds "11"]
[EventCountry "SVK"]
[SourceTitle "EXT 2018"]
[Source "ChessBase"]
[SourceDate "2017.10.13"]
[SourceVersion "1"]
[SourceVersionDate "2017.10.13"]
[SourceQuality "1"]
[WhiteTeam "Krasnany"]
[BlackTeam "Bratislava Doprastav II"]
[WhiteTeamCountry "SVK"]
[BlackTeamCountry "SVK"]

1. c4 Nf6 2. Nf3 c5 3. Nc3 d6 4. d4 Na6 5. a3 g6 6. e4 cxd4 7. Nxd4 Nc5 8. f3 Bg7 9. Be3 a6 10. Be2 0-0 11. 0-0 Rb8 12. b4 Ne6 13. Rc1 Nh5 14. Nd5 Bd7 15. f4 Nf6 16. Nc3 Nxd4 17. Bxd4 Qc8 18. h3 Be6 19. Nd5 Bxd5 20. cxd5 Qd7 21. Bf3 Rbc8 22. Qd2 Rxc1 23. Rxc1 Rc8 24. g4 h5 25. f5 hxg4 26. hxg4 b5 27. Rc3 Rc4 28. Rxc4 bxc4 29. Qc3 gxf5 30. gxf5 Qb5 31. Kg2 Kf8 0-1

[Event "SVK-chT2A 1617"]
[Site "Slovakia"]
[Date "2016.10.08"]
[Round "1.7"]
[White "Kebis, Milos"]
[Black "Kalmar, Tamas"]
[Result "1/2-1/2"]
[WhiteElo "1984"]
[BlackElo "2056"]
[PlyCount "66"]
[EventDate "2016.10.08"]
[EventType "team-tourn"]
[EventRounds "11"]
[EventCountry "SVK"]
[SourceTitle "CBM 175 Extra"]
[Source "ChessBase"]
[SourceDate "2016.12.12"]
[SourceVersion "1"]
[SourceVersionDate "2016.12.12"]
[SourceQuality "1"]
[WhiteTeam "Krasnany"]
[BlackTeam "Potonska Veza"]
[WhiteTeamCountry "SVK"]
[BlackTeamCountry "SVK"]

1. c4 Nf6 2. Nc3 e6 3. Nf3 d5 4. d4 c6 5. Bg5 Nbd7 6. e3 Qa5 7. Bxf6 Nxf6 8. Bd3 Be7 9. 0-0 0-0 10. Nd2 Rd8 11. Qe2 Qc7 12. Rac1 e5 13. cxd5 Nxd5 14. Nxd5 Rxd5 15. Bc4 Rd8 16. d5 Bd7 17. Ne4 Rac8 18. Bb3 Qb8 19. Nc3 Bb4 20. e4 a6 21. Rfd1 Bxc3 22. Rxc3 cxd5 23. exd5 Qd6 24. h3 g6 25. Qd2 Kg7 26. Qe3 Bb5 27. Rdc1 Bd7 28. Qa7 Qb8 29. Qb6 Rxc3 30. Rxc3 Rc8 31. Rc5 Rxc5 32. Qxc5 Qc8 33. Qd6 Qc1+ 1/2-1/2

[Event "SVK-chT2A 1516"]
[Site "Slovakia"]
[Date "2016.03.12"]
[Round "10.6"]
[White "Novacek, Vladimir"]
[Black "Kebis, Milos"]
[Result "1/2-1/2"]
[WhiteElo "2039"]
[BlackElo "1960"]
[PlyCount "50"]
[EventDate "2015.10.17"]
[EventType "team-tourn"]
[EventRounds "11"]
[EventCountry "SVK"]
[SourceTitle "EXT 2017"]
[Source "ChessBase"]
[SourceDate "2016.10.25"]
[SourceVersion "1"]
[SourceVersionDate "2016.10.25"]
[SourceQuality "1"]
[WhiteTeam "Bratislava DP"]
[BlackTeam "Krasnany"]
[WhiteTeamCountry "SVK"]
[BlackTeamCountry "SVK"]

1. d4 Nf6 2. Nf3 d5 3. g3 e6 4. Bg2 c5 5. 0-0 Nc6 6. a3 cxd4 7. Nxd4 Bd6 8. Nxc6 bxc6 9. c4 Rb8 10. b4 0-0 11. Qc2 Re8 12. c5 Bf8 13. Nd2 a5 14. Rb1 Ba6 15. Re1 e5 16. e4 g6 17. Qc3 axb4 18. axb4 Bb5 19. exd5 Nxd5 20. Bxd5 Qxd5 21. Ne4 Bg7 22. Bg5 Re6 23. Rbd1 Qc4 24. Rd6 h6 25. Qxc4 Bxc4 1/2-1/2